Responses for Show #6652 - Tuesday, July 16, 2013

Mark Japinga game 4.

Contestants

[<< previous game]

Amanda Farrish, a public relations associate from Vernon, Connecticut

Jeffrey Wachs, an attorney from Irvine, California

Mark Japinga, a legislative researcher from Washington, D.C. (whose 3-day cash winnings total $76,700)

[next game >>]

Jeopardy! Round responses

CHIEF JUSTICES OF THE U.S.
LEND AN "EAR"
WRITERS' HOBBIES
WHO'S YOUR CADDIE?
PUSH & PULL
¡HOLA TEQUILA!
(Alex: Information and recipes from the book with that title.)
    $200 10
(John) Roberts

Mark
    $200 16
a yearbook

Mark
    $200 6
magic tricks

Mark
    $200 1
Bill Murray

Mark
    $200 27
pulling strings

Mark
    $200 19
gold

Mark
    $1,500 11
(William Howard) Taft

Mark
    $400 17
Tears for Fears

Mark
    $400 7
Mark Twain

Mark
    $400 2
golf balls

Mark
    $400 28
a tractor pull

Mark
    $400 20
agave

Jeffrey
    $600 12
(Earl) Warren

Mark
    $600 18
a clearing

Jeffrey
    $600 8
swimming

Amanda
    $600 3
Adam Scott

Mark
    $600 29
Sapphire

Amanda
    $600 25
(Jeffrey: What is midori?)

curaçao

Jeffrey
Triple Stumper
    $800 13
Rehnquist

Mark
    $800 21
spearmint

Mark
    $800 9
sailing

Jeffrey
    $800 4
Tin Cup

Mark
    $800 30
the pull top cap

Jeffrey
    $800 24
Paloma

Jeffrey
    $1000 14
(Salmon P.) Chase

Mark
    $1000 22
a pap smear

Jeffrey
    $1000 15
(Eudora) Welty

Mark
    $1000 5
[Applause for running the category]

Chi-Chi Rodriguez

Mark
    $1000 26
a pushmi-pullyu

Jeffrey
    $1000 23
a burro

Jeffrey

Scores at the first commercial break (after clue 14):

Mark Jeffrey Amanda
$7,700 $800 $600

Scores at the end of the Jeopardy! Round:

Mark Jeffrey Amanda
$10,900 $5,800 $1,200

Double Jeopardy! Round responses

ANIMAL IDENTITY
ADJECTIVES
MEDITERRANEAN ISLANDS
ALSO A 4-LETTER BAND
PLANES, TRAINS
AUTOBIOGRAPHIES
    $400 24
a rodent

Jeffrey
    $400 18
a flat

Jeffrey
    $400 11
(Alex: Colossus of [*].)

Rhodes

Mark
    $400 3
Kiss

Jeffrey
    $400 16
Air Force One

Mark
    $400 1
Bob Barker

Jeffrey
    $800 25
male and female (both genders)

Amanda
    $800 19
the reasonable person (or man)

Jeffrey
    $800 12
(Amanda: What is Crete?)

Sicily

Amanda
Triple Stumper
    $800 4
Rush

Mark
    $800 17
the 787

Jeffrey
    $800 7
My Left Foot

Amanda
    $1200 26
foxes

Jeffrey
    $1200 20
old

Mark
    $1200 13
Cyprus

Mark
    $1200 5
Tool

Jeffrey
    $1200 28
Machu Picchu

Jeffrey
    $1200 8
Gertrude Stein

Jeffrey
    $1600 30
the boa constrictor

Triple Stumper
    $1600 21
sensual (or sensuous)

Jeffrey
    $4,000 14
Malta

Mark
    $1600 6
Cake

Amanda
    $1600 27
Istanbul

Jeffrey
    $1600 9
Clive Davis

Jeffrey
    $2000 29
a seal

Triple Stumper
    $2000 22
Hermetic

Jeffrey
    $2000 15
the Balearic Islands

Mark
    $2000 2
Styx

Jeffrey
    $2000 23
(Jeffrey: What is the B-17?)
...
(Alex: B-17, way too old.)

the B-52

Jeffrey
Triple Stumper
    $3,000 10
(Jeffrey: [Long pause] Adolf Hitler, I'm sorry who is Adolf Hitler?)

Manfred von Richthofen, The Red Baron

Jeffrey

Scores at the end of the Double Jeopardy! Round:

Mark Jeffrey Amanda
$20,900 $17,600 $3,600

[wagering suggestions for these scores]

Final Jeopardy! Round responses

THE WORLD OF TV
AmandaWhat is Doctor Who?
$3,600
JeffreyWhat is Doctor Who?
$14,000
MarkWhat is Doctor Who
$15,000
Doctor Who

Final scores:

Mark Jeffrey Amanda
$35,900 $31,600 $7,200
4-day champion: $112,600 2nd place: $2,000 3rd place: $1,000

Game dynamics:

Coryat scores:

Mark Jeffrey Amanda
$17,400 $20,600 $3,600
26 R
(including 2 DDs),
0 W
23 R,
3 W
(including 1 DD)
5 R,
1 W

Combined Coryat: $41,600

[game clues] [game scores] [suggest correction]

Game tape date: 2013-04-15
The J! Archive is created by fans, for fans. Scraping, republication, monetization, and malicious use prohibited; this site may use cookies and collect identifying information. See terms. The Jeopardy! game show and all elements thereof, including but not limited to copyright and trademark thereto, are the property of Jeopardy Productions, Inc. and are protected under law. This website is not affiliated with, sponsored by, or operated by Jeopardy Productions, Inc. Join the discussion at JBoard.tv.